000 00540nam a22001577a 4500
999 _c534212
_d534212
020 _qHard Cover.
082 _a620.5
100 _aAli, Usman
245 _aSynthesis & Characterization and Dielectric studies of Metal Doped ZnO Nanoparticles /
_cUsman Ali.
260 _aIslamabad :
_bSCME - NUST,
_c2016.
300 _axii, 80 p. : ill. ;
_c30cm.
942 _2ddc
_cTHE
650 _aNano Sciences and Engineering MS-Thesis.
_928363
700 _aDr. Muhammd Israr Qadir.
_928364